Budúce deficity prvého piliera slovenského dôchodkového systému

Odhad budúcich deficitov prvého piliera slovenského dôchodkového systému získaný prostredníctvom stochastického simulačného modelu.

Saved in:
Bibliographic Details
Main Author: Lichner, Ivan
Format: Book Chapter
Language:Slovak
Subjects:
Tags: Add Tag
No Tags, Be the first to tag this record!

MARC

LEADER 00000naa a2200000 4500
001 0226155
005 20220426102127.8
041 0 |a slo 
044 |a SK 
245 1 0 |a Budúce deficity prvého piliera slovenského dôchodkového systému  |c Ivan Lichner 
520 |a Odhad budúcich deficitov prvého piliera slovenského dôchodkového systému získaný prostredníctvom stochastického simulačného modelu. 
610 2 0 |a systémy dôchodkové 
610 2 0 |a Slovensko 
610 2 0 |a modely stochastické 
610 2 0 |a odhady 
610 2 0 |a starnutie populácie 
100 1 |a Lichner, Ivan